000
00391nam a2200133Ia 4500
008
100328s9999 xx 000 0 und d
082
_b
14208
100
_a
पंडित बाळ ज.
245
_a
पराक्रमी दौरा
260
_b
सकाळ
630
_a
पराक्रमी दौरा
730
_a
पराक्रमी दौरा
942
_c
BOOK
999
_c
509198
_d
509195